00961nam a2200265 u 450000100070000000500170000700700100002400800410003403500110007504000130008604100080009908000070010710000410011424501720015526000890032730000210041665000390043765000470047665000320052365000300055570000460058570000440063150200120067552600080068789893820260506154300.0co|||||||041108e19990202 spa  a898938 ccomduadb aspa aWA10aMancipe Hoyos, Juan Carlos4auteaut10aDiagnostico y diseno de los procesos y procedimientos del flujo de informacion de accidentalidad laboral en la ARP proteccion social del seguro social Medellin, 1999 aMedellín :bUniversidad de Antioquia. Facultad Nacional de Salud Pública,c1999. a1 CD-ROM : 12 cm aSistemas de información en salud aARL (Administradoras de Riesgos Laborales) aSeguros sociales - Colombia aAdministración en salud10aMorales Echavarria, Norma Yanet4auteaut10aMarin Echeverri, Alfonso Heli4thseths b278c20 a280